| 000 | 00394nam a2200157Ia 4500 | ||
|---|---|---|---|
| 008 | 210716s2010 xx 000 0 und d | ||
| 020 | _a8121904935 | ||
| 041 | _aeng | ||
| 082 | _a657.42 PILR | ||
| 100 | _aPillai, R S N;Bagavathi, V. | ||
| 245 | _aCost accounting. | ||
| 250 | _a6 | ||
| 260 |
_aNew Delhi _bS Chand and Company Ltd _c2010 |
||
| 300 | _a832/2005 | ||
| 650 | _aCost Accounting | ||
| 999 |
_c199218 _d199218 |
||